Largest Uninhabited Islands on a Map - Statistics

General Stats
  • This quiz has been taken 40 times
    33 since last reset
  • The average score is 8 of 20
Answers on the Map
Answers color-coded by a green-red scale on the quiz's map according to % correct below.
 
Answer Stats
Country Size (sq. mi.) Answer % Correct
Canada 21,331 Devon Island
79%
Russia 18,882 Severny Island
71%
Antarctica 18,950 Alexander Island
58%
Russia 5,470 October Revolution Island
58%
Canada 16,671 Axel Heiberg Island
54%
Russia 3,477 Komsomolets Island
50%
Canada 12,872 Prince of Wales Island
50%
Canada 9,570 Somerset Island
50%
Canada 16,274 Melville Island
46%
Canada 6,194 Bathurst Island
42%
Canada 3,676 Prince Charles Island
42%
Russia 4,350 Bolshevik Island
38%
Canada 4,273 Bylot Island
33%
Norway 5,586 Nordaustlandet
33%
Canada 6,119 Prince Patrick Island
33%
Russia 9,300 Kotelny Island
29%
Antarctica 17,000 Berkner Island
25%
Canada 4,361 Ellef Ringnes Island
25%
Antarctica 6,100 Thurston Island
17%
Antarctica 3,300 Carney Island
13%
No matching quizzes found
Score Distribution
Percent of People with Each Score
Percentile by Number Answered
Your Score History
You have not taken this quiz since the last reset